Open Data Biblioteca Nacional de Portugal


República Portuguesa: Ministério da Cultura
Biblioteca Nacional de Portugal

Catálogo da BNP: acesso por Identificadores Unívocos
Registos Bibliográficos associados ao registo de autoridade

Etiqueta de registo: 00000nam 2200025 450
001 1954362
003 http://id.bnportugal.gov.pt/bib/catbnp/1954362
100 ## $a20170124d2014 k y0pory01030103ba
101 0# $apor$dfre
102 ## $aPT
105 ## $aa m 000yy
106 ## $ar
200 1# $aHenri Maldiney$evertigem da existência e arte existencial$fAlexandra Margarida Moreira do Carmo$gorient. Carlos João Nunes Correia
210 #9 $aLisboa$c[s.n.],$d2014
215 ## $a271 p.$cil.$d30 cm
328 #1 $aTese dout. Filosofia (Estética e Filosofia da Arte), Faculdade de Letras, Universidade de Lisboa, 2014
675 ## $a1Maldiney, Henri(043)$vBN$zpor$31675820
675 ## $a165.6(043)$vBN$zpor$3837186
675 ## $a111.85(043)$vBN$zpor$3428672
700 #1 $aCarmo,$bAlexandra Margarida Moreira do$31670149
702 #1 $aCorreia,$bCarlos João Nunes,$f1956-$4727$3102656
801 #0 $aPT$bBN$gRPC
900 ## $aBIBNAC$d20170323
966 ## $lBN$mFGMON$sS.A. 164732 V.$x1

Etiqueta de registo: 00254nam 2200025 450
001 2284866
003 http://id.bnportugal.gov.pt/bib/catbnp/2284866
021 ## $aPT$b561957/26
100 ## $a20260420d2026 m y0pory01030103ba
101 0# $apor
102 ## $aPT
105 ## $ay z 000yy
106 ## $ar
200 1# $aCrise, existência e transpassibilidade$fAlexandra M. do Carmo$gpref. Carlos Morujão
210 #9 $a[S.l.]$cAH!,$d2026
215 ## $a441 p.$d20 cm
700 #1 $aCarmo,$bAlexandra Margarida Moreira do$31670149
702 #1 $aMorujão,$bCarlos$4080$364758
801 #0 $aPT$bBN$gRPC
966 ## $lBN$mFGMON$x1
971 ## $cssilva$d20260420

OpendataBNP@bnportugal.pt | Mais informação sobre acesso aos dados BNP